Ejecución de la política social en tiempos de crisis de coordinación /
Сохранить в:
| Главный автор: | |
|---|---|
| Формат: | Текст |
| Предметы: | |
| Метки: |
Добавить метку
Нет меток, Требуется 1-ая метка записи!
|
MARC
| LEADER | 00000 a a2200000 04500 | ||
|---|---|---|---|
| 001 | 4159 | ||
| 003 | |||
| 040 | |||
| 090 | |a REV0229 (102) 1997 | ||
| 100 | |a Cooper, Phillip J | ||
| 245 | |a Ejecución de la política social en tiempos de crisis de coordinación / |c Phillip J Cooper | ||
| 650 | |a POLITICA SOCIAL | ||
| 650 | |a ADMINISTRACION | ||
| 650 | |a ADMINISTRACION DEL DESARROLLO | ||
| 650 | |a ADMINISTRACION SOCIAL | ||
| 773 | |g número 102; páginas 35-59 | ||
| 999 | |c 27496 |d 27496 | ||
